00492nam a2200157 a 450000100100000000500170001000800410002704000250006808200080009310000240010124500870012526000400021230000340025270000320028671000160031800003441420200930073703.0111004s1968 sp ac 000 0 spa d aDO-SdBNPbspacBNPHU axxx1 aThomas, Bob,d1922-10aMaravillas de los dibujos animados /cBob Thomas ; traductor Juan Blanco Catalá. aEspaña :bEdiciones Gaisa,c1968. a188 p :bil, retrs. ;c29 cm.1 aCatalá, Juan Blanco,etr.2 aWalt Disney